[Event "Zonal Oceania 2009"]
[Site "Tweed Heads AUS"]
[Date "2009.06.22"]
[Round "5.25"]
[White "Vlietstra, Marc"]
[Black "Rachmadi, Herman"]
[Result "1-0"]
[WhiteElo "2075"]
[BlackElo "1842"]
[PlyCount "53"]
[EventDate "2009.06.20"]
[EventType "swiss"]
[EventRounds "9"]
[EventCountry "AUS"]
[Source "lmi"]
[SourceDate "2009.06.20"]

1. a3 d5 2. Nf3 c5 3. g3 g6 4. Bg2 Bg7 5. d3 Nf6 6. O-O O-O 7. Nbd2 Nc6 8. c4
e6 9. b4 Ne4 10. Nb3 Bxa1 11. Nxa1 Nc3 12. Qc2 cxb4 13. axb4 d4 14. b5 Nb4 15.
Qb2 a5 16. Nb3 e5 17. Re1 f6 18. Bh6 Re8 19. Qd2 a4 20. Na1 Qd6 21. Rc1 Nba2
22. Rc2 Nb4 23. Rxc3 dxc3 24. Qxc3 Qc5 25. Bd2 e4 26. Ne1 Na2 27. Qb2 1-0

[Event "Zonal Oceania 2009"]
[Site "Tweed Heads AUS"]
[Date "2009.06.22"]
[Round "5.26"]
[White "Krstev, Antonio"]
[Black "Egan, Bill"]
[Result "1-0"]
[WhiteElo "2056"]
[BlackElo "1795"]
[PlyCount "51"]
[EventDate "2009.06.20"]
[EventType "swiss"]
[EventRounds "9"]
[EventCountry "AUS"]
[Source "lmi"]
[SourceDate "2009.06.20"]

1. d4 d5 2. c4 dxc4 3. Nc3 e6 4. e4 c5 5. d5 exd5 6. exd5 Nf6 7. Bxc4 Bd6 8.
Nf3 O-O 9. O-O Nbd7 10. a4 Nb6 11. b3 a6 12. Bg5 h6 13. Bh4 Bg4 14. h3 Bh5 15.
a5 Nbd7 16. Ne4 Be5 17. g4 Bxa1 18. gxh5 Qxa5 19. Bd3 Nxe4 20. Bxe4 Bf6 21. Bg3
Rfe8 22. Bb1 Ne5 23. Nxe5 Bxe5 24. Qd3 Bf6 25. Qh7+ Kf8 26. Bd6+ 1-0

[Event "Zonal Oceania 2009"]
[Site "Tweed Heads AUS"]
[Date "2009.06.22"]
[Round "5.28"]
[White "Ford, Daniel"]
[Black "Yuan, Yi"]
[Result "0-1"]
[WhiteElo "1792"]
[BlackElo "2010"]
[PlyCount "108"]
[EventDate "2009.06.20"]
[EventType "swiss"]
[EventRounds "9"]
[EventCountry "AUS"]
[Source "lmi"]
[SourceDate "2009.06.20"]

1. e4 e5 2. Nf3 Nc6 3. d4 exd4 4. Nxd4 Qh4 5. Nc3 Bb4 6. Ndb5 Qxe4+ 7. Be2
Bxc3+ 8. bxc3 Kd8 9. O-O Nf6 10. Rb1 Re8 11. Bf3 Qc4 12. Bg5 a6 13. Bd5 Qc5 14.
Bxf6+ gxf6 15. Bxf7 axb5 16. Bxe8 Kxe8 17. Qe2+ Qe7 18. Qh5+ Qf7 19. Rfe1+ Ne7
20. Qxb5 Ra6 21. a4 Rb6 22. Qc5 Rxb1 23. Rxb1 Kd8 24. a5 Qd5 25. Qd4 Qxd4 26.
cxd4 d5 27. c3 Nf5 28. g4 Nd6 29. f3 Nc4 30. Kf2 Ke7 31. h4 c6 32. Re1+ Kf7 33.
Kg3 Nxa5 34. f4 Nc4 35. g5 Nd6 36. Kf3 Ne4 37. Rc1 Kg6 38. Rh1 fxg5 39. hxg5
Nxc3 40. Rh6+ Kg7 41. Rd6 Nb5 42. Rd8 Nxd4+ 43. Kf2 Be6 44. Rb8 b5 45. Rb7+ Kg6
46. Rc7 Bf7 47. Ke3 Nf5+ 48. Kf3 Be8 49. Rc8 Kf7 50. Rc7+ Kg6 51. Rc8 Ng7 52.
Rd8 Kf5 53. Rd6 Ne6 54. Kg3 b4 0-1

[Event "Zonal Oceania 2009"]
[Site "Tweed Heads AUS"]
[Date "2009.06.22"]
[Round "5.30"]
[White "Stahnke, Alexander"]
[Black "Tan, Kevin"]
[Result "1-0"]
[WhiteElo "1795"]
[BlackElo "1956"]
[PlyCount "109"]
[EventDate "2009.06.20"]
[EventType "swiss"]
[EventRounds "9"]
[EventCountry "AUS"]
[Source "lmi"]
[SourceDate "2009.06.20"]

1. c4 g6 2. Nf3 Bg7 3. g3 e5 4. d3 f5 5. Nc3 d6 6. Bg2 Nf6 7. O-O O-O 8. Qb3
Nc6 9. c5+ Kh8 10. Ng5 Nd4 11. Qc4 Qe7 12. e3 Ne6 13. cxd6 cxd6 14. Nxe6 Bxe6
15. Qb4 Rfb8 16. Bd2 Bf8 17. Rfc1 d5 18. Qxe7 Bxe7 19. Nb5 Ne8 20. Bc3 Bf6 21.
f4 a6 22. fxe5 Bg5 23. Nd4 Bxe3+ 24. Kf1 Nc7 25. Nxe6 Nxe6 26. Bxd5 Nd4 27. Re1
Nc2 28. e6+ Bd4 29. Bxd4+ Nxd4 30. Rac1 Nc6 31. Rxc6 bxc6 32. Bxc6 Kg7 33. Bxa8
Rxa8 34. e7 Kf7 35. e8=Q+ Rxe8 36. Rxe8 Kxe8 37. Ke2 g5 38. h4 h6 39. hxg5 hxg5
40. Ke3 Kd7 41. Kd4 Kd6 42. b4 Ke6 43. a4 Kd6 44. b5 axb5 45. axb5 f4 46. gxf4
gxf4 47. Ke4 Kc5 48. Kxf4 Kxb5 49. Ke5 Kc6 50. Ke6 Kc5 51. Ke5 Kc6 52. d4 Kc7
53. Ke6 Kd8 54. Kd6 Kc8 55. Ke7 1-0

[Event "Zonal Oceania 2009"]
[Site "Tweed Heads AUS"]
[Date "2009.06.22"]
[Round "5.34"]
[White "Canfell, Mike"]
[Black "Searle, Zachary"]
[Result "0-1"]
[WhiteElo "1922"]
[BlackElo "1791"]
[PlyCount "94"]
[EventDate "2009.06.20"]
[EventType "swiss"]
[EventRounds "9"]
[EventCountry "AUS"]
[Source "lmi"]
[SourceDate "2009.06.20"]

1. e4 c5 2. Nf3 Nc6 3. d4 cxd4 4. Nxd4 e5 5. Nb5 d6 6. c4 Be7 7. N1c3 a6 8. Na3
Be6 9. Nc2 Bg5 10. Be2 Bxc1 11. Rxc1 Nf6 12. O-O O-O 13. Qd2 Qb6 14. Rfd1 Rfd8
15. b3 Rac8 16. Qe3 Qc5 17. Kf1 Bg4 18. h3 Be6 19. Rd3 Nb4 20. Nxb4 Qxb4 21.
Qd2 b5 22. Nd5 Nxd5 23. exd5 Qxd2 24. Rxd2 Bf5 25. Ke1 Rc7 26. Kd1 Rdc8 27. Rc3
Bd7 28. Rdc2 f5 29. Kd2 b4 30. Rd3 Kf7 31. h4 Kf6 32. g3 h6 33. Rc1 g5 34.
hxg5+ hxg5 35. Rh1 e4 36. Re3 Ke5 37. f4+ gxf4 38. gxf4+ Kxf4 39. Reh3 Ke5 40.
Rg3 f4 41. Rg5+ Kd4 42. Rg7 f3 43. Bf1 e3+ 44. Ke1 Bf5 45. Rxc7 Rxc7 46. Rh6
f2+ 47. Kd1 Bg4+ 0-1

[Event "Zonal Oceania 2009"]
[Site "Tweed Heads AUS"]
[Date "2009.06.22"]
[Round "6.1"]
[White "Morris, James"]
[Black "Bjelobrk, Igor"]
[Result "1/2-1/2"]
[WhiteElo "2114"]
[BlackElo "2332"]
[PlyCount "70"]
[EventDate "2009.06.20"]
[EventType "swiss"]
[EventRounds "9"]
[EventCountry "AUS"]
[Source "lmi"]
[SourceDate "2009.06.20"]

1. d4 d5 2. Nf3 Nf6 3. c4 c6 4. e3 g6 5. b3 Bg4 6. Nbd2 Bg7 7. Bd3 O-O 8. Bb2
Nbd7 9. h3 Bxf3 10. Nxf3 Ne4 11. O-O e6 12. Nd2 f5 13. f3 Ng3 14. Re1 e5 15.
cxd5 cxd5 16. dxe5 Nxe5 17. Nf1 Nxf1 18. Bxf1 Qd6 19. Qd2 Rad8 20. Rad1 Nc6 21.
Bxg7 Kxg7 22. Qb2+ Qf6 23. Qxf6+ Kxf6 24. Bb5 Ne5 25. Rd2 a6 26. Be2 Rd6 27.
Red1 Rfd8 28. f4 Nc6 29. Bf3 Ke6 30. Kf2 a5 31. a3 Ne7 32. Rc2 Rc6 33. Rdc1 Kd6
34. Ke2 Rdc8 35. Kd3 Rxc2 1/2-1/2

[Event "Zonal Oceania 2009"]
[Site "Tweed Heads AUS"]
[Date "2009.06.22"]
[Round "6.3"]
[White "Smerdon, David"]
[Black "Canfell, Gregory"]
[Result "1-0"]
[WhiteElo "2489"]
[BlackElo "2327"]
[PlyCount "41"]
[EventDate "2009.06.20"]
[EventType "swiss"]
[EventRounds "9"]
[EventCountry "AUS"]
[Source "lmi"]
[SourceDate "2009.06.20"]

1. e4 c5 2. c3 d6 3. d4 Nf6 4. f3 Nc6 5. d5 Ne5 6. f4 Ned7 7. Nd2 g6 8. Ngf3
Bg7 9. Bd3 O-O 10. O-O e6 11. dxe6 fxe6 12. Nc4 d5 13. e5 Ng4 14. Nd6 Nh6 15.
Ng5 Qe7 16. Rf3 Nf5 17. Bxf5 gxf5 18. Rh3 h6 19. Qh5 b6 20. Qg6 Nf6 21. Rxh6
1-0

[Event "Zonal Oceania 2009"]
[Site "Tweed Heads AUS"]
[Date "2009.06.22"]
[Round "6.4"]
[White "Xie, George"]
[Black "Rej, Tomek"]
[Result "1/2-1/2"]
[WhiteElo "2402"]
[BlackElo "2308"]
[PlyCount "128"]
[EventDate "2009.06.20"]
[EventType "swiss"]
[EventRounds "9"]
[EventCountry "AUS"]
[Source "lmi"]
[SourceDate "2009.06.20"]

1. e4 e5 2. Nf3 Nc6 3. Nc3 Nf6 4. g3 g6 5. d4 exd4 6. Nxd4 Bg7 7. Nde2 d6 8.
Bg2 Bg4 9. h3 Be6 10. O-O O-O 11. Nd5 Ne7 12. Nef4 Bd7 13. c4 b5 14. Qc2 bxc4
15. Nxe7+ Qxe7 16. Qxc4 Qe5 17. a4 c6 18. Nd3 Qe6 19. Qxe6 Bxe6 20. e5 Nd5 21.
exd6 Rfd8 22. Nf4 Rxd6 23. Rd1 Re8 24. a5 h6 25. a6 Bf5 26. Nxd5 cxd5 27. Bf4
Rb6 28. Be3 d4 29. Bxd4 Bxd4 30. Rxd4 Rxb2 31. g4 Be6 32. Rd6 Rc8 33. Bb7 Rcc2
34. Rd8+ Kg7 35. Ra8 Rxf2 36. Rxa7 Rh2 37. Be4 Rxh3 38. Rc7 Rg3+ 39. Kf1 Bxg4
40. Rc2 Rxc2 41. Bxc2 Bh3+ 42. Ke2 Rg2+ 43. Kd3 Bf5+ 44. Ke3 Rxc2 45. a7 Rc3+
46. Kd4 Rd3+ 47. Ke5 Re3+ 48. Kf4 Re4+ 49. Kg3 Re8 50. a8=Q Rxa8 51. Rxa8 g5
52. Kf3 h5 53. Ra5 Kg6 54. Ra8 h4 55. Rg8+ Kf6 56. Rb8 g4+ 57. Kf4 g3 58. Kf3
Kg5 59. Rb5 Kg6 60. Rb4 Kh5 61. Rb5 Kg5 62. Ra5 h3 63. Kxg3 Kf6 64. Rc5 Kg6
1/2-1/2

[Event "Zonal Oceania 2009"]
[Site "Tweed Heads AUS"]
[Date "2009.06.22"]
[Round "6.5"]
[White "Levi, Eddy"]
[Black "Ambrus, Endre"]
[Result "1-0"]
[WhiteElo "2216"]
[BlackElo "2375"]
[PlyCount "77"]
[EventDate "2009.06.20"]
[EventType "swiss"]
[EventRounds "9"]
[EventCountry "AUS"]
[Source "lmi"]
[SourceDate "2009.06.20"]

1. e4 Nc6 2. d4 e5 3. Nf3 exd4 4. Bc4 Bc5 5. c3 Nf6 6. cxd4 Bb4+ 7. Bd2 Bxd2+
8. Nbxd2 d5 9. exd5 Nxd5 10. O-O O-O 11. Re1 Bg4 12. Qc2 Nf6 13. Qc3 Qd6 14.
Bb5 Nd5 15. Qc5 Ndb4 16. Re4 Be6 17. a3 a6 18. Bc4 Bxc4 19. Nxc4 Qg6 20. Ncd2
b6 21. Qc4 b5 22. Qb3 a5 23. axb4 Nxb4 24. Rae1 Qd6 25. Ne5 a4 26. Qc3 Rfd8 27.
Ndf3 h6 28. h3 Na6 29. Nc6 Rf8 30. d5 Kh8 31. Rg4 f6 32. Re7 Rg8 33. Qd2 f5 34.
Nfe5 Qf6 35. Rg6 Qh4 36. Rg3 Kh7 37. Qd3 Qh5 38. Qd4 b4 39. Nd3 1-0

[Event "Zonal Oceania 2009"]
[Site "Tweed Heads AUS"]
[Date "2009.06.22"]
[Round "6.6"]
[White "Ly, Moulthun"]
[Black "Oliver, Gareth"]
[Result "1/2-1/2"]
[WhiteElo "2340"]
[BlackElo "2187"]
[PlyCount "55"]
[EventDate "2009.06.20"]
[EventType "swiss"]
[EventRounds "9"]
[EventCountry "AUS"]
[Source "lmi"]
[SourceDate "2009.06.20"]

1. e4 c5 2. c3 d5 3. exd5 Qxd5 4. d4 Nc6 5. Nf3 e6 6. Be2 Nf6 7. O-O Be7 8. Na3
cxd4 9. Nb5 Qd8 10. Nbxd4 O-O 11. Nxc6 bxc6 12. Nd4 Qc7 13. Bf3 Bb7 14. Qe2 c5
15. Bxb7 Qxb7 16. Nb5 Rab8 17. c4 a6 18. Nc3 Rfd8 19. b3 Ne8 20. Bf4 Bd6 21.
Bxd6 Nxd6 22. Na4 Qb4 23. Rad1 Nb7 24. Qe5 Qa5 25. g3 Rbc8 26. a3 h6 27. Kg2
Qc7 28. Qxc7 1/2-1/2

[Event "Zonal Oceania 2009"]
[Site "Tweed Heads AUS"]
[Date "2009.06.22"]
[Round "6.9"]
[White "Rujevic, Mirko"]
[Black "Stead, Kerry"]
[Result "1-0"]
[WhiteElo "2282"]
[BlackElo "2087"]
[PlyCount "85"]
[EventDate "2009.06.20"]
[EventType "swiss"]
[EventRounds "9"]
[EventCountry "AUS"]
[Source "lmi"]
[SourceDate "2009.06.20"]

1. e4 g6 2. d4 Bg7 3. f4 d5 4. e5 c5 5. c3 Nc6 6. Nf3 Bg4 7. dxc5 a5 8. Be3 e6
9. Nbd2 Nge7 10. h3 Nf5 11. Bf2 Bxf3 12. Nxf3 h5 13. Bd3 Bh6 14. g4 hxg4 15.
hxg4 Nfe7 16. Qa4 Rc8 17. O-O-O Kd7 18. Kb1 Kc7 19. g5 Bg7 20. Nd4 Kb8 21. Nb5
Nxe5 22. fxe5 Bxe5 23. Rxh8 Qxh8 24. Qxa5 Nc6 25. Qa4 Qh2 26. Bd4 Bf4 27. Rf1
Qg3 28. Bc2 e5 29. Bg1 Qxg5 30. Nd6 Rc7 31. b4 e4 32. b5 Qg2 33. Rd1 Nd8 34. b6
Bxd6 35. cxd6 Rxc3 36. Bd4 Rc4 37. Qa7+ Kc8 38. Bb3 Qe2 39. Bf6 Nc6 40. Qa8+
Kd7 41. Qxb7+ Kxd6 42. Qxf7 Nb4 43. b7 1-0

[Event "Zonal Oceania 2009"]
[Site "Tweed Heads AUS"]
[Date "2009.06.22"]
[Round "6.10"]
[White "Jones, Brian"]
[Black "Solomon, Stephen"]
[Result "0-1"]
[WhiteElo "2062"]
[BlackElo "2455"]
[PlyCount "72"]
[EventDate "2009.06.20"]
[EventType "swiss"]
[EventRounds "9"]
[EventCountry "AUS"]
[Source "lmi"]
[SourceDate "2009.06.20"]

1. e4 c5 2. Nc3 Nc6 3. d3 g6 4. g3 Bg7 5. Bg2 e6 6. Nge2 d6 7. O-O Nge7 8. Be3
Nd4 9. Qd2 O-O 10. Nd1 d5 11. f4 e5 12. c3 Nxe2+ 13. Qxe2 d4 14. cxd4 exf4 15.
Bxf4 Bxd4+ 16. Kh1 Be6 17. Bh6 Re8 18. Rc1 Qd7 19. Qf3 Nc6 20. Nf2 Ne5 21. Qf4
Bxa2 22. g4 Qe6 23. Rcd1 a5 24. g5 a4 25. Bh3 Qe7 26. Qh4 b5 27. Ng4 Nxg4 28.
Bxg4 b4 29. Rf3 Bb3 30. Rdf1 a3 31. Rh3 a2 32. Bf8 Kxf8 33. Rf6 a1=Q+ 34. Kg2
Qg1+ 35. Kf3 Qd1+ 36. Kf4 Qe5# 0-1

[Event "Zonal Oceania 2009"]
[Site "Tweed Heads AUS"]
[Date "2009.06.22"]
[Round "6.11"]
[White "Lane, Gary"]
[Black "Goundar, Sanmogam"]
[Result "1-0"]
[WhiteElo "2371"]
[BlackElo "1903"]
[PlyCount "85"]
[EventDate "2009.06.20"]
[EventType "swiss"]
[EventRounds "9"]
[EventCountry "AUS"]
[Source "lmi"]
[SourceDate "2009.06.20"]

1. e4 c5 2. Nf3 d6 3. c3 Nf6 4. Bd3 g6 5. Bc2 Bg7 6. O-O O-O 7. h3 e5 8. d4 Nc6
9. dxc5 dxc5 10. Qe2 Qe7 11. Be3 b6 12. a4 Bb7 13. Nbd2 Rfd8 14. Rfe1 Rd7 15.
Nf1 h6 16. g4 h5 17. Bg5 hxg4 18. hxg4 Qe6 19. N3h2 Rad8 20. Ne3 Ne7 21. Qf3 a5
22. Bb1 Nh7 23. Bh4 g5 24. Bg3 Qf6 25. Nf5 Nxf5 26. gxf5 Qc6 27. Ng4 f6 28. Ne3
g4 29. Qxg4 Kf8 30. Nd5 Ng5 31. c4 Bh8 32. Kg2 Rh7 33. Bc2 Rdd7 34. Rh1 Rdg7
35. Rxh7 Rxh7 36. Rh1 Rxh1 37. Kxh1 Qd7 38. Qh5 Bg7 39. Bxe5 Nxe4 40. Bxe4 Bxd5
41. Bxd5 fxe5 42. Qh7 Ke8 43. Qg6+ 1-0

[Event "Zonal Oceania 2009"]
[Site "Tweed Heads AUS"]
[Date "2009.06.22"]
[Round "6.12"]
[White "Chan, Jason"]
[Black "Smith, Robert"]
[Result "0-1"]
[WhiteElo "2056"]
[BlackElo "2274"]
[PlyCount "187"]
[EventDate "2009.06.20"]
[EventType "swiss"]
[EventRounds "9"]
[EventCountry "AUS"]
[Source "lmi"]
[SourceDate "2009.06.20"]

1. e4 c5 2. Nf3 d6 3. d3 Nc6 4. g3 g6 5. Bg2 Bg7 6. O-O e5 7. c3 Nge7 8. Nbd2
O-O 9. a4 h6 10. Nc4 Be6 11. Nfd2 d5 12. exd5 Nxd5 13. a5 Qe7 14. Qa4 a6 15.
Re1 Rfd8 16. Nb3 Rac8 17. Qa3 Bf8 18. Nxe5 Nxe5 19. Rxe5 Qf6 20. Rxe6 Qxe6 21.
Qa4 Nf6 22. d4 cxd4 23. Nxd4 Qe1+ 24. Bf1 Qe8 25. Qb3 Qe1 26. Qa4 Qe7 27. Bd2
Nd7 28. Re1 Qf6 29. Bg2 Nc5 30. Qc2 Re8 31. Rxe8 Rxe8 32. b4 Ne6 33. Nxe6 Rxe6
34. Qd3 Rd6 35. Qe2 Qd8 36. Be3 Rd1+ 37. Bf1 Bg7 38. h4 h5 39. Bg5 Qd7 40. Kh2
Bxc3 41. Bg2 Bxb4 42. Bxb7 Rd6 43. Bxa6 Bxa5 44. Be3 Qe6 45. Bc4 Qe8 46. Bc5
Qxe2 47. Bxe2 Rd2 48. Bf3 Rb2 49. Kg2 Bb6 50. Bxb6 Rxb6 51. Bd5 Rb2 52. Bf3 Kg7
53. Bd5 Rd2 54. Bc6 Kf6 55. Kf3 Kf5 56. Bb5 Ra2 57. Bc6 Ra3+ 58. Kg2 Ke5 59.
Kf1 Ra2 60. Be8 Ke6 61. Kg2 Ke7 62. Bb5 Rd2 63. Bc6 f6 64. Be4 Kf7 65. Bf3 Kg7
66. Kf1 Kh6 67. Kg2 g5 68. hxg5+ Kxg5 69. Be4 h4 70. gxh4+ Kxh4 71. Kf3 Kh3 72.
Ke3 Rb2 73. Bf3 Kh2 74. Be4 Kg1 75. f3 Kh2 76. Kf4 Rb5 77. Bc6 Rc5 78. Be4 Kh3
79. Bb7 Kh4 80. Be4 Kh5 81. Bd3 Kh6 82. Be4 Kg7 83. Bd3 Kf7 84. Bf5 Rc4+ 85.
Ke3 Ke7 86. Bh7 Kd6 87. Bg8 Rb4 88. Bh7 Ke5 89. Be4 Rb3+ 90. Ke2 Kf4 91. Bd5
Rb2+ 92. Kf1 Ke3 93. Kg1 Rf2 94. Be4 0-1

[Event "Zonal Oceania 2009"]
[Site "Tweed Heads AUS"]
[Date "2009.06.22"]
[Round "6.13"]
[White "Liu, Yi"]
[Black "Scott, Ronald"]
[Result "0-1"]
[WhiteElo "1938"]
[BlackElo "2261"]
[PlyCount "108"]
[EventDate "2009.06.20"]
[EventType "swiss"]
[EventRounds "9"]
[EventCountry "AUS"]
[Source "lmi"]
[SourceDate "2009.06.20"]

1. e4 e5 2. Nf3 d6 3. d4 Nf6 4. dxe5 Nxe4 5. Be3 Nd7 6. Qd5 Ndc5 7. Nbd2 Be6 8.
Qd4 dxe5 9. Qxd8+ Rxd8 10. Nxe4 Nxe4 11. Bd3 Nc5 12. Bxc5 Bxc5 13. Nxe5 Bd4 14.
Nc4 O-O 15. O-O b5 16. Ne3 Bxb2 17. Rab1 Bd4 18. Rxb5 Bxa2 19. Nf5 Bb6 20. Ne7+
Kh8 21. Ra1 Be6 22. Nc6 Rd6 23. Ne5 g6 24. Nc4 Bxc4 25. Bxc4 Rd2 26. Bd3 Bxf2+
27. Kh1 Kg7 28. Rb4 Re8 29. Rf1 Re7 30. g3 h5 31. Re4 Rxe4 32. Bxe4 Bd4 33. Bd3
a5 34. Rf4 c5 35. Re4 Kf8 36. Re2 Rxe2 37. Bxe2 a4 38. Kg2 a3 39. Bc4 f5 40.
Kf3 Be5 41. h3 Bxg3 42. Kxg3 g5 43. Kf3 g4+ 44. hxg4 hxg4+ 45. Kf4 Kg7 46. Kg3
Kh6 47. Kf4 Kh5 48. Kg3 Kg5 49. c3 f4+ 50. Kf2 Kh4 51. Kg2 f3+ 52. Kf2 Kh3 53.
Kg1 Kg3 54. Kf1 Kh2 0-1

[Event "Zonal Oceania 2009"]
[Site "Tweed Heads AUS"]
[Date "2009.06.22"]
[Round "6.14"]
[White "Illingworth, Max"]
[Black "Brown, Andrew"]
[Result "0-1"]
[WhiteElo "2243"]
[BlackElo "2085"]
[PlyCount "104"]
[EventDate "2009.06.20"]
[EventType "swiss"]
[EventRounds "9"]
[EventCountry "AUS"]
[Source "lmi"]
[SourceDate "2009.06.20"]

1. d4 g6 2. e4 Bg7 3. Nc3 d6 4. Be3 e6 5. f4 Ne7 6. Nf3 b6 7. Bd3 h6 8. O-O c5
9. Bb5+ Bd7 10. Qe2 a6 11. Bxd7+ Nxd7 12. Rad1 Qc7 13. a4 O-O 14. Kh1 Nf6 15.
e5 dxe5 16. dxe5 Nfd5 17. Ne4 Nxe3 18. Qxe3 Nd5 19. Qc1 c4 20. Rd4 b5 21. c3
Qa5 22. axb5 axb5 23. Nd6 f5 24. exf6 Bxf6 25. Re4 Qb6 26. Rxe6 Rad8 27. Ne5
Rxd6 28. Nd7 Rxe6 29. Nxb6 Rxb6 30. Qc2 Bg7 31. Qe4 Rd6 32. g3 Rfd8 33. Kg2
R8d7 34. Qe8+ Kh7 35. Rf2 Nf6 36. Qb8 Rd5 37. Re2 Rd2 38. Kf1 Rd1+ 39. Kf2 R1d5
40. Kg2 g5 41. fxg5 hxg5 42. h3 Rf5 43. Qb6 Rd3 44. Qb7 Nd5 45. Kh2 Ne3 46. Qe4
Nf1+ 47. Kg2 Rxg3+ 48. Kh1 Rxh3+ 49. Kg2 Rg3+ 50. Kh1 Rgf3 51. Rg2 Rh3+ 52. Kg1
Ng3 0-1

[Event "Zonal Oceania 2009"]
[Site "Tweed Heads AUS"]
[Date "2009.06.22"]
[Round "6.15"]
[White "Jule, Sebastian"]
[Black "Marcos, Joselito"]
[Result "1/2-1/2"]
[WhiteElo "1847"]
[BlackElo "2200"]
[PlyCount "53"]
[EventDate "2009.06.20"]
[EventType "swiss"]
[EventRounds "9"]
[EventCountry "AUS"]
[Source "lmi"]
[SourceDate "2009.06.20"]

1. d4 d5 2. c4 c6 3. cxd5 cxd5 4. Nc3 Nf6 5. Bf4 Nc6 6. e3 a6 7. Qb3 e6 8. Nf3
Bd6 9. Bxd6 Qxd6 10. Be2 h6 11. Na4 Nd7 12. Rc1 O-O 13. O-O f5 14. Nc5 b6 15.
Nxd7 Bxd7 16. Rc3 Rfb8 17. Rfc1 Be8 18. a3 Na5 19. Qc2 Bh5 20. Ne5 Bxe2 21.
Qxe2 b5 22. Qh5 Nc4 23. Qf7+ Kh7 24. Qg6+ Kg8 25. Qf7+ Kh7 26. Qg6+ Kg8 27.
Qf7+ 1/2-1/2

[Event "Zonal Oceania 2009"]
[Site "Tweed Heads AUS"]
[Date "2009.06.22"]
[Round "6.16"]
[White "Steadman, Michael"]
[Black "Muller, Jonas"]
[Result "1-0"]
[WhiteElo "2262"]
[BlackElo "1981"]
[PlyCount "79"]
[EventDate "2009.06.20"]
[EventType "swiss"]
[EventRounds "9"]
[EventCountry "AUS"]
[Source "lmi"]
[SourceDate "2009.06.20"]

1. d4 Nf6 2. c4 e6 3. Nc3 Bb4 4. e3 d5 5. a3 Bxc3+ 6. bxc3 O-O 7. Bd3 c5 8.
cxd5 exd5 9. Ne2 Nc6 10. O-O Re8 11. f3 Qd6 12. Ng3 b6 13. Ra2 a5 14. Re2 Ba6
15. Bxa6 Rxa6 16. Bb2 Raa8 17. Qb3 Qc7 18. e4 a4 19. Qb5 c4 20. exd5 Rxe2 21.
Nxe2 Ne7 22. d6 Qxd6 23. Qxc4 Ned5 24. Qd3 b5 25. Rb1 Qc6 26. Bc1 Nc7 27. Bf4
Nfd5 28. Bxc7 Nxc7 29. Ng3 Qd5 30. Qc2 Rc8 31. Nf5 Qd7 32. Qe4 Kf8 33. Qe5 Ne6
34. d5 Qa7+ 35. Kh1 Qc5 36. Re1 Rd8 37. Rd1 Qxa3 38. h3 Qb3 39. Rd4 a3 40. dxe6
1-0

[Event "Zonal Oceania 2009"]
[Site "Tweed Heads AUS"]
[Date "2009.06.22"]
[Round "6.17"]
[White "Stevens, Tristan"]
[Black "Krstev, Mario"]
[Result "1-0"]
[WhiteElo "2006"]
[BlackElo "2086"]
[PlyCount "47"]
[EventDate "2009.06.20"]
[EventType "swiss"]
[EventRounds "9"]
[EventCountry "AUS"]
[Source "lmi"]
[SourceDate "2009.06.20"]

1. e4 e6 2. d4 d5 3. e5 c5 4. c3 Nc6 5. Nf3 f6 6. Bd3 Qc7 7. Bf4 Bd7 8. Qd2 Qb6
9. O-O O-O-O 10. dxc5 Bxc5 11. b4 Be7 12. a4 Rf8 13. a5 Qd8 14. b5 Nxe5 15.
Nxe5 fxe5 16. Bxe5 Bf6 17. Bd6 Be7 18. Bg3 Bg5 19. b6 a6 20. Qe2 Re8 21. Qe5
Bc6 22. Bxa6 Bf6 23. Qb8+ Kd7 24. Qd6+ 1-0

[Event "Zonal Oceania 2009"]
[Site "Tweed Heads AUS"]
[Date "2009.06.22"]
[Round "6.18"]
[White "Nakauchi, Gene"]
[Black "Selnes, Hamish"]
[Result "1-0"]
[WhiteElo "2076"]
[BlackElo "1921"]
[PlyCount "75"]
[EventDate "2009.06.20"]
[EventType "swiss"]
[EventRounds "9"]
[EventCountry "AUS"]
[Source "lmi"]
[SourceDate "2009.06.20"]

1. d4 d5 2. c4 e6 3. Nc3 Be7 4. Nf3 Nf6 5. Bg5 O-O 6. e3 h6 7. Bxf6 Bxf6 8. Rc1
c6 9. Bd3 dxc4 10. Bxc4 Nd7 11. O-O e5 12. Re1 exd4 13. exd4 Nb6 14. Bb3 Bg4
15. d5 Bxc3 16. Rxc3 Nxd5 17. Bxd5 cxd5 18. h3 Bxf3 19. Qxf3 Qd7 20. Rd1 Rfd8
21. Rcd3 Qc6 22. Rxd5 Rxd5 23. Qxd5 Qb6 24. b3 Re8 25. Qc4 Qe6 26. Qxe6 Rxe6
27. Rd8+ Kh7 28. Rd7 Re1+ 29. Kh2 Re2 30. Rxf7 Rxa2 31. Rxb7 Rb2 32. f4 Kg6 33.
Kg3 a5 34. Rb5 h5 35. Rxa5 Rxb3+ 36. Kh4 Rb2 37. g3 Rg2 38. Rg5+ 1-0

[Event "Zonal Oceania 2009"]
[Site "Tweed Heads AUS"]
[Date "2009.06.22"]
[Round "6.19"]
[White "Lester, George"]
[Black "Vlietstra, Marc"]
[Result "1-0"]
[WhiteElo "1801"]
[BlackElo "2075"]
[PlyCount "99"]
[EventDate "2009.06.20"]
[EventType "swiss"]
[EventRounds "9"]
[EventCountry "AUS"]
[Source "lmi"]
[SourceDate "2009.06.20"]

1. d4 Nf6 2. c4 g6 3. Nc3 Bg7 4. e4 d6 5. h3 O-O 6. Bg5 c6 7. Bd3 Qc7 8. Qd2 e5
9. d5 c5 10. g4 a6 11. Nge2 Ne8 12. Ng3 f6 13. Be3 Nd7 14. a4 Rb8 15. h4 Nb6
16. f3 Qd8 17. h5 Rf7 18. hxg6 hxg6 19. Qh2 Rf8 20. Qh7+ Kf7 21. Rh6 g5 22.
Qg6+ Ke7 23. Rh7 Rg8 24. Bxg5 fxg5 25. Qxg5+ Kd7 26. Qf5+ Kc7 27. Qf7+ Bd7 28.
Qxg8 Qf6 29. Be2 Nc8 30. Nh5 Qh4+ 31. Kd2 Qg5+ 32. Kc2 Kb6 33. Rxg7 Nxg7 34.
Qxg7 Qxg7 35. Nxg7 Ne7 36. Nf5 Bxf5 37. exf5 Rh8 38. Ne4 Rh2 39. Kd3 Kc7 40.
Rf1 b5 41. axb5 axb5 42. b3 bxc4+ 43. bxc4 Kd7 44. Ra1 Nc8 45. f6 Nb6 46. Ra7+
Ke8 47. Nxd6+ Kd8 48. Nf7+ Ke8 49. Nxe5 Kd8 50. f7 1-0

[Event "Zonal Oceania 2009"]
[Site "Tweed Heads AUS"]
[Date "2009.06.22"]
[Round "6.20"]
[White "Spiller, Paul"]
[Black "Krstev, Antonio"]
[Result "1/2-1/2"]
[WhiteElo "2005"]
[BlackElo "2056"]
[PlyCount "75"]
[EventDate "2009.06.20"]
[EventType "swiss"]
[EventRounds "9"]
[EventCountry "AUS"]
[Source "lmi"]
[SourceDate "2009.06.20"]

1. e4 e6 2. d3 d5 3. Nd2 c5 4. Ngf3 Nc6 5. g3 Bd6 6. Bg2 Nge7 7. O-O Qc7 8. c3
Bd7 9. d4 cxd4 10. cxd4 f6 11. exd5 exd5 12. Re1 O-O 13. a3 a5 14. Nb1 Na7 15.
Nc3 b5 16. Bf4 b4 17. axb4 axb4 18. Ne2 g5 19. Rc1 Nac6 20. Bxd6 Qxd6 21. h4 h6
22. Ra1 Bf5 23. Qc1 Bd3 24. Qe3 Bc2 25. Rxa8 Rxa8 26. hxg5 hxg5 27. Nxg5 fxg5
28. Qxg5+ Kf7 29. Nf4 Be4 30. Qh5+ Kg7 31. Bxe4 dxe4 32. Rxe4 Ra1+ 33. Kh2 Nxd4
34. Rxd4 Qc6 35. Qg5+ Kf7 36. Qh5+ Kg7 37. Qg5+ Kf7 38. Qh5+ 1/2-1/2

[Event "Zonal Oceania 2009"]
[Site "Tweed Heads AUS"]
[Date "2009.06.22"]
[Round "6.22"]
[White "Fitzpatrick, Andrew"]
[Black "Juszczynski, Mathew"]
[Result "1/2-1/2"]
[WhiteElo "2022"]
[BlackElo "1914"]
[PlyCount "58"]
[EventDate "2009.06.20"]
[EventType "swiss"]
[EventRounds "9"]
[EventCountry "AUS"]
[Source "lmi"]
[SourceDate "2009.06.20"]

1. e4 c5 2. c3 d5 3. exd5 Qxd5 4. d4 Nc6 5. Nf3 Bg4 6. Be2 e6 7. O-O Nf6 8. Na3
a6 9. Nc2 cxd4 10. Nfxd4 Nxd4 11. Bxg4 Nxc2 12. Qxc2 Nxg4 13. Qa4+ b5 14. Qxg4
h5 15. Qe2 Bd6 16. Rd1 Qe5 17. Qxe5 Bxe5 18. Be3 Rd8 19. Bb6 Rd7 20. Bc5 f6 21.
a4 bxa4 22. Rxd7 Kxd7 23. Rxa4 Kc6 24. Ba3 Kb6 25. f4 Bb8 26. Rd4 Kc6 27. Kf1
Rg8 28. h3 g5 29. fxg5 fxg5 1/2-1/2